000
00357nam a22001577a 4500
003
MPLRDC
005
20220104144505.0
008
210129b ||||| |||| 00| 0 eng d
082
_a
947.411 KSY
100
_a
不详
245
_a
南无观世音菩萨
_c
260
_a
_b
不详
_c
300
_b
精
650
_a
佛教漫画
942
_c
BK
_o
947.411 KSY
999
_c
50132
_d
50122